Saṅkshipta Pr̥thvirāja rāso. (Record no. 67203)

MARC details
000 -LEADER
fixed length control field 00629cam a22002411 4500
001 - CONTROL NUMBER
control field sa 66000372
003 - CONTROL NUMBER IDENTIFIER
control field DLC
005 - DATE AND TIME OF LATEST TRANSACTION
control field 20260227112214.0
008 - FIXED-LENGTH DATA ELEMENTS--GENERAL INFORMATION
fixed length control field 891009s1963 ii b 000 0 hino
010 ## - LIBRARY OF CONGRESS CONTROL NUMBER
LC control number sa 66000372
035 ## - SYSTEM CONTROL NUMBER
System control number (OCoLC)20458884
040 ## - CATALOGING SOURCE
Original cataloging agency DLC
Transcribing agency WaU
Modifying agency DLC
042 ## - AUTHENTICATION CODE
Authentication code premarc
050 00 - LIBRARY OF CONGRESS CALL NUMBER
Classification number PK2095.C3
Item number P7 1963b
100 0# - MAIN ENTRY--PERSONAL NAME
Personal name Canda Baradāī,
Dates associated with a name 1126-1192.
245 10 - TITLE STATEMENT
Title Saṅkshipta Pr̥thvirāja rāso.
260 ## - PUBLICATION, DISTRIBUTION, ETC.
Date of publication, distribution, etc. [1963]
300 ## - PHYSICAL DESCRIPTION
Extent 231 p.
Dimensions 22 cm.
500 ## - GENERAL NOTE
General note In Hindi.
504 ## - BIBLIOGRAPHY, ETC. NOTE
Bibliography, etc. note Bibliographical footnotes.
700 1# - ADDED ENTRY--PERSONAL NAME
Personal name Dvivedī, Hajārīprasāda.
700 1# - ADDED ENTRY--PERSONAL NAME
Personal name Singh, Namwar,
Dates associated with a name 1927-

No items available.

Powered by Koha